000 00601nam a22002297a 4500
003 UA-OsUOA
001 99626
007 ta
008 20130513b un ||||| |||| 00| 0 ukr d
100 _aТель В.
090 _a821.182.2
_bТ31
942 _cRB
040 _aUA-OsUOA
_brus
_cUA-OsUOA
_dUA-OsUOA
245 _aДрама в пяти діях Фрідріха Шіллєра
300 _a158 с.
955 _a3
041 _arus
080 _a821.182.2
260 _aЛьвів
_c1887
650 7 _a82 Література. Літературознавство
_2UDC
999 _c385873
_d385873